00469nam a2200169Ia 4500003000900000008004100009040001600050080001500066100001900081245005500100260004400155300001600199650004100215650001800256650001700274650000800291IN-BaIIA211028s9999 xx 000 0 eng d cIIA Library a523.9bPRI aPringsheim, E. 0aPhysik der sonne (in German)cE. Pringsheim  aLeipzig und BerlinbB. G. Teubnerc1910 aviii, 435p. aAstronomy and astrophysics thesaurus aSolar physics aSolar system aSun